School talk

Detalles Bibliográficos
Autor Corporativo: National Council of Teachers of English
Formato: Electrónico Revista
Lenguaje:inglés
Publicado: [Urbana, Ill.] : National Council of Teachers of English
Materias:
Acceso en línea:Full text available from Research Library: 02/01/1998 to 07/31/2011

MARC

LEADER 00000nas a2200000 a 4500
001 ssj0008837
003 WaSeSS
005 20200512172242.0
006 m d
007 cr n
008 020827d19952011iluqn pss 0 a0eng c
010 |a  2007252077 
022 |a 1943-3077  |l 1083-2939  |y 1083-2939 
035 |a (WaSeSS)ssj0008837 
040 |a TXH  |b eng  |c TXH  |d OCLCQ  |d HNK  |d WAU  |d NSD  |d OCLCQ  |d COD  |d DLC  |d OCLCQ  |d OCLCF  |d OCLCO  |d OCLCQ  |d OCLCO  |d WaSeSS 
042 |a pcc  |a nsdp 
050 1 4 |a L11 
082 1 0 |a 372  |2 14 
130 0 |a School talk (Urbana, Ill. : Online) 
222 0 |a School talk  |b (Urbana, Ill., Online) 
245 1 0 |a School talk  |h [electronic resource]. 
260 |a [Urbana, Ill.] :  |b National Council of Teachers of English 
362 1 |a Print began with v. 1, no. 1 (Aug. 1995); ceased with v. 16, no. 4 (July 2011). 
500 |a Title from title screen (viewed Aug. 27, 2002). 
506 |a License restrictions may limit access. 
588 |a Latest issue consulted: Vol. 16, no. 4 (July 2011) (viewed Nov. 17, 2011). 
650 0 |a Education, Elementary  |v Periodicals. 
650 7 |a Education, Elementary.  |2 fast  |0 (OCoLC)fst00902945 
655 0 |a Electronic journals. 
710 2 |a National Council of Teachers of English. 
776 0 8 |i Print version:  |t School talk (Urbana, Ill.)  |x 1083-2939  |w (DLC)sn 95007371  |w (OCoLC)32770797 
856 4 0 |z Full text available from Research Library: 02/01/1998 to 07/31/2011  |u https://search.proquest.com/publication/12157